Normal view
MARC view
- CERTO,SAMUEL C
Entry Personal Name
001 - CONTROL NUMBER
- control field: 2974
003 - CONTROL NUMBER IDENTIFIER
- control field: JO-AjAnu
005 - DATE AND TIME OF LATEST TRANSACTION
- control field: 20230606070806.0
008 - FIXED-LENGTH DATA ELEMENTS
- fixed length control field: 230606|| aca||aabn | a|a d
040 ## - CATALOGING SOURCE
- Original cataloging agency: JO-AjAnu
- Transcribing agency: JO-AjAnu
100 ## - HEADING--PERSONAL NAME
- Personal name: CERTO,SAMUEL C
670 ## - SOURCE DATA FOUND
- Source citation: Work cat.: (JO-AjAnu)1558: CERTO,SAMUEL C, author, MODERN MANAGEMENT:Diversity,Quality,Ethics and the Global Environment